000 00691nam a22002177a 4500
999 _c2755
_d2755
003 AR-CdUCM
008 190305b ||||| |||| 00| 0 spa d
040 _aMUNICIPALIDAD PROVINCIAL DEL CUSCO
_cBIBLIOTECA MUNICIPAL DEL CUSCO
082 _a869.91 /
_bAS83.
100 _aAsturias, Miguel Ángel /
_92136
245 _aMaladrón :
_bEpopeya de Los Andes Verdes /
260 _aBuenos Aires :
_bLosada ;
_c1969.
300 _a217 páginas
_c20cm
440 _aColección Novelistas de Nuestra Época
_99613
505 _aNovela
650 _aLiteratura guatemalteca
_95050
650 _aLiteratura centroamericana
_99614
650 _aNovela
_95
942 _2ddc
_cLIBROS
945 _anom